Catálogo
 En Linea

En torno a la libertad. / (Registro nro. 47546)

Detalles MARC
000 -CABECERA
campo de control de longitud fija 00497nam a2200169 a 4500
001 - NÚMERO DE CONTROL
campo de control 000048058
005 - FECHA Y HORA DE LA ÚLTIMA TRANSACCIÓN
campo de control 20240228103022.0
008 - DATOS DE LONGITUD FIJA--INFORMACIÓN GENERAL
campo de control de longitud fija 181112s2018 dr 000 spa d
020 ## - NÚMERO INTERNACIONAL ESTÁNDAR DEL LIBRO
Número Internacional Estándar del Libro 9789945912357
040 ## - FUENTE DE LA CATALOGACIÓN
Centro catalogador/agencia de origen DO-SdBNP
Lengua de catalogación spa
Centro/agencia transcriptor BNPHU
082 ## - NÚMERO DE LA CLASIFICACIÓN DECIMAL DEWEY
Número de clasificación xxx
Número de documento/Ítem G216t
100 1# - ENTRADA PRINCIPAL--NOMBRE DE PERSONA
Nombre de persona García Guerra, Iván,
Fechas asociadas al nombre 1938-
9 (RLIN) 144
245 #0 - MENCIÓN DE TÍTULO
Título En torno a la libertad. /
Mención de responsabilidad, etc. Iván García Guerra.
260 ## - PUBLICACIÓN, DISTRIBUCIÓN, ETC.
Lugar de publicación, distribución, etc. San José de las Matas :
Nombre del editor, distribuidor, etc. OPUS,
Fecha de publicación, distribución, etc. 2018.
300 ## - DESCRIPCIÓN FÍSICA
Extensión 545 p. ;
Dimensiones 24 cm.
590 ## - NOTA LOCAL (RLIN)
Nota local Inventariado, 2018 / DG
Existencias
Estado de retiro Estado de pérdida No para préstamo Código de colección Localización permanente Ubicación/localización actual Ubicación en estantería Fecha de adquisición Número de inventario Total de préstamos Signatura topográfica completa Código de barras Fecha visto por última vez Precio válido a partir de Tipo de ítem Koha
    Excluido de préstamo Patrimonio Dominicano General General Depósito 12.11.2018 LF1   xxx G216t 48058-30 25.06.2020 25.06.2020 Libro y Folleto Colección Patrimonio Dominicano
    Excluido de préstamo Patrimonio Dominicano General General Depósito 12.11.2018 LF1   xxx G216t 48058-40 25.06.2020 25.06.2020 Libro y Folleto Colección Patrimonio Dominicano
    Excluido de préstamo Patrimonio Dominicano General General Depósito 12.11.2018 LF1   xxx G216t 48058-50 25.06.2020 25.06.2020 Libro y Folleto Colección Patrimonio Dominicano
    Excluido de préstamo Patrimonio Dominicano Patrimonio Dominicano Patrimonio Dominicano Depósito 12.11.2018 LF1   xxx G216t 48058-10 25.06.2020 25.06.2020 Libro y Folleto Colección Patrimonio Dominicano
    Excluido de préstamo Patrimonio Dominicano Patrimonio Dominicano Patrimonio Dominicano Depósito 12.11.2018 LF1   xxx G216t 48058-20 25.06.2020 25.06.2020 Libro y Folleto Colección Patrimonio Dominicano

Con tecnología Koha